Marketing management knowledge and skills

Bibliographic Details
Main Author: Peter, J. Paul
Other Authors: Donnelly, James H
Format: Book
Language:English
Published: Boston, MA Irwin/McGraw-Hill 1998
Edition:5th. ed
Series:The Irwin series in marketing
Subjects:
LEADER 00695cam a2200229 a 4500
001 0000134408
005 20121004090000.0
040 |a mod 
041 |a eng 
020 |a 0256226334 
090 0 0 |a PET  |e 1998 
100 1 |a Peter, J. Paul 
245 1 0 |a Marketing management  |b knowledge and skills  |c J. Paul Peter, James H. Donnelly 
250 |a 5th. ed 
260 |a Boston, MA  |b Irwin/McGraw-Hill  |c 1998 
300 |a xvi, 944p.  |b ill.  |c 25 cm 
490 0 |a The Irwin series in marketing 
650 0 0 |a Marketing  |x Management  |x Case studies 
650 0 0 |a Marketing  |x Management 
700 1 |a Donnelly, James H 
852 0 0 |a 01 
999 |a B000020223  |b KDSI LUMUT  |d BOOKS  |e Umum  |f Other Branches  |j AVAILABLE  |q GOOD CONDITION